Administración financiera (Registro nro. 2492)
[ vista simple ]
| 000 -LEADER | |
|---|---|
| fixed length control field | 01869 a2200265 4500 |
| 001 - CONTROL NUMBER | |
| control field | 34773 |
| 005 - DATE AND TIME OF LATEST TRANSACTION | |
| control field | 20260407155633.0 |
| 008 - FIXED-LENGTH DATA ELEMENTS--GENERAL INFORMATION | |
| fixed length control field | 260407a2001 arg spa d |
| 003 - CONTROL NUMBER IDENTIFIER | |
| control field | AR-UNSa-BCEJYS |
| 040 ## - CATALOGING SOURCE | |
| Original cataloging agency | AR-UNSa-BCEJYS |
| Language of cataloging | spa |
| Transcribing agency | AR-UNSa-BCEJYS |
| 080 ## - UNIVERSAL DECIMAL CLASSIFICATION NUMBER | |
| Universal Decimal Classification number | 658.15 |
| Common auxiliary subdivision | Administración financiera privada. Gestión financiera de empresas<br/> |
| 020 ## - INTERNATIONAL STANDARD BOOK NUMBER | |
| International Standard Book Number | 958-699-024-9 |
| 100 1# - MAIN ENTRY--PERSONAL NAME | |
| Personal name | Gallagher, Timothy J. |
| 245 10 - TITLE STATEMENT | |
| Title | Administración financiera |
| Name of part/section of a work | teoría y práctica |
| 250 ## - EDITION STATEMENT | |
| Edition statement | 2a. ed |
| 264 #1 - PRODUCTION, PUBLICATION, DISTRIBUTION, MANUFACTURE, AND COPYRIGHT NOTICE | |
| Place of production, publication, distribution, manufacture | Buenos Aires : |
| Name of producer, publisher, distributor, manufacturer | Pearson Educación |
| Date of production, publication, distribution, manufacture, or copyright notice | 2001 |
| 300 ## - PHYSICAL DESCRIPTION | |
| Extent | 570 p. |
| Dimensions | 26 cm. |
| 505 ## - FORMATTED CONTENTS NOTE | |
| Formatted contents note | Parte I.: El mundo de las finanzas: 1. Las finanzas y las empresas - 2. Los mercados finaniceros y las tasas de interés - 3. Instituciones financieras - Parte II.: 4. Repaso de contabilidad - 5. Análisis de los estados financieros - 6. Pronósticos para la planeación financiera - 7. Riesgo y retorno - 8. El valor del dinero en el tiempo - 9. Valoración de bonos y acciones - Parte III.: Financiación a largo plazo : 10. Métodos para la toma de decisiones sobre prespuestación de capital - 11. Estimación de los fljos de efectivo incrementales - 12. El costo de capital - 13. Fundamentos de la estructura de capital - 14. Bonos corporativos, acciones preferenciales y leasing - 15. Acciones ordinarias - 16. Política de dividendos - Parte IV.: Financiación a corto plazo : 17. Política del capital de trabajo - 18. Administración del efectivo - 19. Cuentas por cobrar e inventarios - 20. Financiación a corto plazo - Parte V.: Las finanzas en una economía global: 21. Finanzas internacionales. |
| 590 ## - LOCAL NOTE (RLIN) | |
| Local note | niveau_biblio:m niveau_hierar:0 |
| 700 1# - ADDED ENTRY--PERSONAL NAME | |
| Personal name | Andrew, Joseph D., Jr. |
| 700 1# - ADDED ENTRY--PERSONAL NAME | |
| Personal name | Cano, Leonardo |
| 700 1# - ADDED ENTRY--PERSONAL NAME | |
| Personal name | Romero, Antonio |
| 856 41 - ELECTRONIC LOCATION AND ACCESS | |
| Uniform Resource Identifier | <a href="https://biblioeco.unsa.edu.ar/pmb/images/libros/L87120.jpg">https://biblioeco.unsa.edu.ar/pmb/images/libros/L87120.jpg</a> |
| Link text | Imagen de portada |
| Electronic format type | image/jpeg |
| 942 ## - ADDED ENTRY ELEMENTS (KOHA) | |
| Koha item type | |
| Withdrawn status | Lost status | Damaged status | Not for loan | Home library | Current library | Shelving location | Date acquired | Total checkouts | Full call number | Barcode | Date last seen | Price effective from | Koha item type |
|---|---|---|---|---|---|---|---|---|---|---|---|---|---|
| Biblioteca Prof. Eusebio Cleto del Rey | Biblioteca Prof. Eusebio Cleto del Rey | 07/04/2026 | 658.15 G162 2ed. | L87120 | 07/04/2026 | 07/04/2026 | Libro |